Estudio de oportunidades sobre la instalación de un centro de corte de metal en Costa Rica
Guardat en:
| Autor principal: | |
|---|---|
| Altres autors: | |
| Format: | Llibre |
| Publicat: |
San José, Costa Rica
1991
|
| Matèries: | |
| Etiquetes: |
Afegir etiqueta
Sense etiquetes, Sigues el primer a etiquetar aquest registre!
|
MARC
| LEADER | 00000nam a2200000Ia 4500 | ||
|---|---|---|---|
| 003 | 005376 | ||
| 005 | 20221231144325.0 | ||
| 008 | 140114s1991 cr a m 000 ||s d | ||
| 040 | |c cru CEDI | ||
| 090 | |a TFG 2545 | ||
| 100 | |a Aguilar Aguilar, Jorge |9 12573 | ||
| 245 | |a Estudio de oportunidades sobre la instalación de un centro de corte de metal en Costa Rica | ||
| 260 | |c 1991 |a San José, Costa Rica | ||
| 300 | |a 128 hojas : ilustraciones ; 28 cm | ||
| 500 | |a Practica dirigida (licenciatura en ingeniería mecánica)--Universidad de Costa Rica. Facultad de Ingeniería. Escuela de Ingeniería Mecánica | ||
| 650 | |x METALES - INDUSTRIA Y COMERCIO |9 12575 | ||
| 700 | |9 12574 |a Ferraro Saborío, Rafael | ||
| 942 | |c TFG | ||
| 999 | |c 20162 |d 20162 | ||
